000 00545nam a2200157 a 4500
008 120416s2000 ||||||||||||||||| || u
050 _aJC 327 Smi
100 _aSmith, Gordon
245 1 0 _aAltered states
246 _aglobalization, sovereignty and governance
260 _aOttawa
_bIDRC
_c2000
350 _a0.00
650 _aGLOBALISATION--POLITICAL ASPECTS
650 _aPOLITICS
995 _D0.00
_FCBU-MAIN LIBRARY (Kitwe)
_H1
_I7.00
_M1
_UAVAILABLE
_ZMain Library Open Access Collection
999 _c34102
_d34102